01652nam a2200433 i 450000100060000000300080000600500170001400600190003100700150005000800410006502000180010602000270012403500230015103500240017403500250019803500210022304000310024405000220027508000080029708200170030524500730032226400640039530000410045933600310050033700330053133800430056449000400060750000220064758801240066959001640079365000460095765000210100365500270102470000280105179700190107983000410109885600620113999900170120188688FlNmELB20241217171651.0m o d | cr cnu||||||||150629s2006 sp o 001 0 spa d z9788483018712 a9788498803402 (e-book) a(MiAaPQ)EBC3229184 a(Au-PeEL)EBL3229184 a(CaPaEBR)ebr11046253 a(OCoLC)949137681 aFINmELBbspaerdacFINmELB 4aTJ265b.T319 2006 a5360 a536.707622300aTermodinámica básica :bejercicios /cM. del Barrio [y otros 6]. 1aBarcelona :bUniversitat Politècnica de Catalunya,c2006. a1 recurso en línea (196 páginas) atextobtxt2rdacontent/spa acomputadorabc2rdamedia/spa arecurso en líneabcr2rdacarrier/spa1 aAula politècnica. Física ;v117 aIncluye índice. aDescripción basada en recurso en línea; Título de la página del título en PDF (e-libro, visto June 29, 2015). aRecurso electrónico. Santa Fe, Arg.: e-libro, 2015. Disponible vía World Wide Web. El acceso puede estar limitado para las bibliotecas afiliadas a e-libro. 0aThermodynamicsvProblems, exercises, etc. 4aTermodinámica. 4aLibros electrónicos.1 aBarrio, M. del,eautor.2 ae-libro, Corp. 0aAula politècnica. Física ;v117.40uhttps://elibro.net/ereader/politecnicointernacional/61437 c88688d88688